000 01114nam a22003497a 4500
001 0043583
003 KOHA_MİRAKIL
005 20260207003354.0
007 ta
008 130730b2012 tu a|||gr||||#||||1|tur |
020 _a9786054607839
040 _aTR-BiSEU
_btur
_cTR-BiSEU
_erda
041 0 _atur
044 _ctu
050 _aPL213
_b.K63 2012
100 1 _aKoç, Ali Rıza .
245 1 _aTarladan Şanghay'a :
_bçalışkanlığın ve inancın zaferi!/
_cAli Rıza Koç ; Ali Rıza Koç ; editör Bünyamin Altıntaş.
264 1 _aİstanbul :
_bDestek Yayınları
_c2012
300 _a296 sayfa :
_bresimli ;
_c21 cm.
336 _ametin
_btxt
_2rdacontent
337 _aaracısız
_bn
_2rdamedia
338 _acilt
_bnc
_2rdacarrier
490 1 _aDestek Yayınevi ;
_v276.
490 1 _aİş ve Yönetim ;
_v64.
490 1 _aFark Yaratanlar Serisi ;
_v2.
650 0 _aBiyografi.
_928685
650 0 _aBiography.
_911328
830 1 _aDestek Yayınevi ;
_v276.
_969350
830 1 _aİş ve Yönetim ;
_v64.
_981248
830 1 _aFark Yaratanlar Serisi ;
_v2.
_981249
942 _2lcc
_cBK
999 _c43399
_d43399